Robert Zemeckis Filmography - Statistics

General Stats
  • This quiz has been taken 34 times
    18 since last reset
  • The average score is 45 of 116
Answer Stats
Type Year Name % Correct
Film Director 1985 Back to the Future
89%
Film Screenplay 1985 Back to the Future
89%
TV Show Creator 1991-1992 Back to the Future
89%
Film Director 1989 Back to the Future Part II
89%
Film Story 1989 Back to the Future Part II
89%
Film Director 1990 Back to the Future Part III
89%
Film Story 1990 Back to the Future Part III
89%
Film Director 2007 Beowulf
89%
Film Production 2007 Beowulf
89%
Film Director 1994 Forrest Gump
89%
Film Director 2004 The Polar Express
89%
Film Screenplay 2004 The Polar Express
89%
Film Production 2004 The Polar Express
89%
Film Director 2009 A Christmas Carol
67%
Film Screenplay 2009 A Christmas Carol
67%
Film Production 2009 A Christmas Carol
67%
Film Director 2000 Cast Away
67%
Film Production 2000 Cast Away
67%
Film Director 2022 Pinocchio
67%
Film Screenplay 2022 Pinocchio
67%
Film Production 2022 Pinocchio
67%
Film Director 2020 The Witches
67%
Film Screenplay 2020 The Witches
67%
Film Production 2020 The Witches
67%
Film Director 1988 Who Framed Roger Rabbit
67%
Film Director 1992 Death Becomes Her
56%
Film Production 1992 Death Becomes Her
56%
Film Director 2024 Here
56%
Film Screenplay 2024 Here
56%
Film Production 2024 Here
56%
Film Director 1997 Contact
44%
Film Production 1997 Contact
44%
Film Production 2011 Mars Needs Moms
44%
Film Director 1984 Romancing the Stone
44%
Film Director 2018 Welcome to Marwen
44%
Film Screenplay 2018 Welcome to Marwen
44%
Film Production 2018 Welcome to Marwen
44%
Film Screenplay 1979 1941
33%
Film Story 1979 1941
33%
Short Film Director 1973 A Field of Honor
33%
Short Film Screenplay 1973 A Field of Honor
33%
Film Director 2016 Allied
33%
Film Production 2016 Allied
33%
Film Director 2012 Flight
33%
Film Production 2012 Flight
33%
Film Production 2006 Monster House
33%
Short Film Director 1972 The Lift
33%
Short Film Screenplay 1972 The Lift
33%
Film Director 2015 The Walk
33%
Film Screenplay 2015 The Walk
33%
Film Production 2015 The Walk
33%
Film Director 1980 Used Cars
33%
Film Screenplay 1980 Used Cars
33%
TV Pilot 1984 Used Cars
33%
Film Director 2000 What Lies Beneath
33%
Film Production 2000 What Lies Beneath
33%
TV Show Director 1986 Amazing Stories
22%
Short Film Production 2011 Back for the Future
22%
Short Film Director 2015 Back to the Future: Doc Brown Saves the World
22%
Short Film Screenplay 2015 Back to the Future: Doc Brown Saves the World
22%
Film Production 2010 Behind the Burly Q
22%
Film Story 1996 Bordello of Blood
22%
Film Production 1996 Bordello of Blood
22%
Film Production 2012 Bound by Flesh
22%
Web Series Production 2018 Elemental: Hydrogen vs. Hindenburg
22%
Film Production 2021 Finch
22%
Film Production 2002 Ghost Ship
22%
Film Production 2003 Gothika
22%
Film Production 2005 House of Wax
22%
Film Production 1999 House on Haunted Hill
22%
Film Director 1978 I Wanna Hold Your Hand
22%
Film Screenplay 1978 I Wanna Hold Your Hand
22%
TV Show Director 1993 Johnny Bago
22%
TV Show Creator 1993 Johnny Bago
22%
TV Show Writer 1993 Johnny Bago
22%
TV Show Production 1993 Johnny Bago
22%
TV Show Writer 1975 Kolchak: The Night Stalker
22%
Film Production 2006 Last Holiday
22%
Documentary Mini-Series Appearance 2022 Light & Magic
22%
Film Production 2018 Mabel, Mabel, Tiger Trainer
22%
TV Show Production 2018-2023 Manifest
22%
Film Production 2003 Matchstick Men
22%
Documentary Series Production 2018 Medal of Honor
22%
TV Show Cameo 1991 Parker Lewis Can't Lose
22%
TV Show Production 1997 Perversions of Science
22%
TV Show Production 2019-2020 Project Blue Book
22%
Film Production 2011 Real Steel
22%
Film Production 2002 Ritual
22%
TV Documentary Director 1999 Robert Zemeckis on Smoking, Drinking and Drugging in the 20th Century: In Pursuit of Happiness
22%
TV Show Production 1997 Secrets of the Cryptkeeper's Haunted House
22%
Film Production TBA Steel Soldiers
22%
TV Show Director 1989, 1991, 1995 Tales from the Crypt
22%
TV Show Production 1989-1996 Tales from the Crypt
22%
Film Production 1995 Tales from the Crypt: Demon Knight
22%
TV Show Production 1993-1994 Tales from the Cryptkeeper
22%
Documentary Mini-Series Appearance 2010 Tales from the Future
22%
Film Production 1996 The Frighteners
22%
Film Production TBA The Gafin Academy
22%
Film Director TBA The King
22%
Film Production TBA The King
22%
Film Director TBA The Last Mrs. Parrish
22%
Film Production 2005 The Prize Winner of Defiance, Ohio
22%
Film Production 1992 The Public Eye
22%
Film Production 2007 The Reaping
22%
Film Production 2001 Thir13en Ghosts
22%
Web Series Director 2025 Tooned Out
22%
Web Series Creator 2025 Tooned Out
22%
Web Series Writer 2025 Tooned Out
22%
Web Series Production 2025 Tooned Out
22%
Film Screenplay 1992 Trespass
22%
Film Production 1992 Trespass
22%
TV Film Director 1992 Two-Fisted Tales
22%
TV Film Production 1992 Two-Fisted Tales
22%
TV Film Production 1995 W.E.I.R.D. World
22%
Web Mini-Series Production 2019 What/If
22%
Documentary Director 2010 Behind the Carol: The Full Motion-Capture Experience
0%
No matching quizzes found
Score Distribution
Percent of People with Each Score
Percentile by Number Answered
Your Score History
You have not taken this quiz since the last reset